000 00208nam a2200085Ia 4500
008 191206s9999 xx 000 0 und d
090 _aPR4034.4
245 0 _aSENSE AND SENSIBILITY
260 _aLIBRARTY OF CLASSICS
999 _c16881
_d16881